| 000 | 01518cam a22001694a 4500 | ||
|---|---|---|---|
| 005 | 20250605163937.0 | ||
| 008 | 250528s ||||||||||||||||||||||||d | ||
| 035 | _a14892 | ||
| 040 |
_aGR-AtMCL _bgre _dGR-AtMCL _eAACR2 |
||
| 245 | 1 | _aΑπό την Εδέμ στο Καθαρτήριο / Η Γεωγραφία της Υπανάπτυξης | |
| 520 | _aΤο βιβλίο αυτό πραγματεύεται ορισμένες από τις κύριες όψεις των επιπτώσεων της αναπτυξιακής διαδικασίας. Εισαγωγή, Η Γέννηση της Υπανάπτυξης: Από την Εκβιομηχάνιση στο Χρέος, Η Γεωγραφία του Υπερπληθυσμού: Ένας Κόσμος Δημογραφικά Διαιρεμένος, Η Έκρηξη των Πόλεων, Η Γεωργία της Ανάπτυξης: Πώς Πεθαίνει το Έτερον Ήμισυ;, Το Διατροφικό Όπλο, Σε Αναζήτηση του Ελντοράντο: Η Καταστροφή των Τροπικών Δασών, Η Σιωπηλή Κρίση: Χάνοντας το Έδαφος, Η Ενεργειακή Κρίση: Από τα Καυσόξυλα στη Βιομάζα, Προσωρινός Επίλογος: Τεχνολογική Προσαρμογή και Κοινωνικές Αναδιαρθρώσεις. | ||
| 700 | 1 |
_aΜοδινός Μιχάλης _9684 |
|
| 942 | _cBK | ||
| 260 | _bΕξάντας | ||
| 999 |
_c503 _d503 |
||